LEADER 02728nam2 2200649 450 001 000033282 005 20141211094035.0 010 $a0 19 814629 9 100 $a20120904d1905----km-y0itaa50------ba 200 1 $aMiles gloriosus, Mostellaria, Persa, Poenulus, Pseudolus, Rudens, Stichus, Trinumnus, Truculentus, Vidularia, Fragmenta$frecognovit brevique adnotatione critica instruxit W. M. Lindsay 210 $aOxonii$ce Typographeo Clarendoniano$d1905 215 $aXI, 579 p.$d19 cm 225 2 $aScriptorum classicorum bibliotheca Oxoniensis 410 0$12001$aScriptorum classicorum bibliotheca Oxoniensis 461 1$1001000033280$12001$aT. Macci Plauti Comoediae$vvol. 2 500 11$aMiles gloriosus / Plautus, Titus Maccius$913052 500 11$aMostellaria / Plautus, Titus Maccius$918484 500 11$aPersa / Plautus, Titus Maccius$919612 500 11$aPoenulus / Plautus, Titus Maccius$918524 500 11$aPseudolus / Plautus, Titus Maccius$919615 500 11$aRudens / Plautus, Titus Maccius$918496 500 11$aStichus / Plautus, Titus Maccius$918523 500 11$aTrinumnus / Plautus, Titus Maccius$919616 500 11$aTruculentus / Plautus, Titus Maccius$918498 500 11$aVidularia / Plautus, Titus Maccius$919617 500 11$aFragmenta / Plautus, Titus Maccius$926058 501 1 $aComoediae / Plautus, Titus Maccius 676 $a872.01$v(22. ed.)$9Dramma e poesia drammatica latina. Origini-500 700 1$aPlautus,$bTitus Maccius$f$0166580 702 1$aLindsay,$bWallace Martin 801 0$aIT$bUniversità della Basilicata - B.I.A.$gREICAT$2unimarc 912 $a000033282 996 $aStichus$918523 996 $aPersa$919612 996 $aPoenulus$918524 996 $aPseudolus$919615 996 $aTruculentus$918498 996 $aMiles gloriosus$913052 996 $aFragmenta$926058 996 $aTrinumnus$919616 996 $aRudens$918496 996 $aVidularia$919617 996 $aMostellaria$918484 997 $aUNIBAS CAT $aEXT013$b01$c20120904$lBAS01$h0856 CAT $aEXT013$b01$c20120904$lBAS01$h0928 CAT $aEXT013$b01$c20120904$lBAS01$h0934 CAT $aEXT013$b01$c20120910$lBAS01$h0908 CAT $aEXT013$b01$c20120911$lBAS01$h0920 CAT $aEXT013$b01$c20140610$lBAS01$h1014 CAT $aATR$b40$c20141107$lBAS01$h1037 CAT $aATR$b40$c20141107$lBAS01$h1037 CAT $aATR$b40$c20141111$lBAS01$h1433 CAT $aATR$b00$c20141211$lBAS01$h0939 CAT $aEXT013$b01$c20141211$lBAS01$h0940 FMT Z30 -1$lBAS01$LBAS01$mBOOK$1BASA1$APolo Storico-Umanistico$2GEN$BCollezione generale$3FP/CLASSICI 1179$615563$5L15563$820120904$f02$FPrestabile Generale LEADER 02757nam 2200565 450 001 9910554873303321 005 20211120144349.0 010 $a1-119-68696-2 010 $a1-119-68694-6 010 $a1-119-68695-4 035 $a(CKB)4940000000599407 035 $a(MiAaPQ)EBC6561801 035 $a(Au-PeEL)EBL6561801 035 $a(OCoLC)1247659940 035 $a(JP-MeL)3000131726 035 $a(EXLCZ)994940000000599407 100 $a20211120d2021 uy 0 101 0 $aeng 135 $aurcn#|||a|a|| 181 $ctxt$2rdacontent 182 $cc$2rdamedia 183 $acr$2rdacarrier 200 10$aLean architecture $eexcellence in project delivery /$fMichael F. Czap, Gregory T. Buchanan 210 1$aHoboken, New Jersey :$cWiley,$d[2021] 210 4$d2021 215 $a1 online resource (349 pages) $cillustrations 300 $aIncludes index. 311 08$aPrint version: Czap, Michael F. Lean architecture Hoboken, New Jersey : Wiley, [2021] 9781119686934 (DLC) 2020055853 327 $aA profession ripe for change -- Process management explained -- The design firm's problem -- Lean architecture -- Learning from Detroit : influences from lean manufacturing -- Lean management for architects -- Stragetic areas -- Streamlining documentation -- Rethinking your firm -- Role of technology -- More than an initiative. 330 $a"An architectural methodology based around Lean principles, this book challenges architects to examine how they practice by better understanding their goals and by viewing and producing their work differently. Lean Architecture: Excellence in Project Delivery is a lean implementation guide for design firm leadership, project managers, and architecture professionals. This guide to the building blocks of Lean for design firms outlines important metrics and time-tested implementation strategies for firms of all sizes, presents relatable examples highlighting successful Lean application and describes how to avoid common obstacles in introducing and integrating Lean practice across a design firm"--$cProvided by publisher. 606 $aOrganizational effectiveness 606 $aArchitectural practice$xManagement 606 $aLean management 615 0$aOrganizational effectiveness. 615 0$aArchitectural practice$xManagement. 615 0$aLean management. 676 $a720.68 686 $a525.1$2njb/09 686 $a524$2njb/09 686 $a724/.7$2njb/09 686 $a724.68$2njb/09 700 $aCzap$b Michael F.$01383768 702 $aBuchanan$b Gregory T. 801 0$bMiAaPQ 801 1$bMiAaPQ 801 2$bMiAaPQ 906 $aBOOK 912 $a9910554873303321 996 $aLean architecture$93429071 997 $aUNINA LEADER 01277nam0 22003253i 450 001 TO00345570 005 20231121125837.0 010 $a3774924163 100 $a20140515d1991 ||||0itac50 ba 101 | $ager 102 $ade 181 1$6z01$ai $bxxxe 182 1$6z01$an 200 1 $a˜Die œInschriften von Selge$fhrsg. von Johannes Nollé und Friedel Schindler 210 $aBonn$cHabelt$d1991 215 $a152 p., 43 p. di tav$d30 cm. 225 | $aInschriften griechischer Stadte aus Kleinasien$v37 410 0$1001MIL0003632$12001 $aInschriften griechischer Stadte aus Kleinasien$v37 606 $aIscrizioni greche$xAsia minore$2FIR$3RMLC378237$9N 676 $a411.7$9Sistemi di scrittura delle forme standard delle lingue. Paleografia ed epigrafia.$v22 676 $a481.1$9GRECO CLASSICO. Sistemi di scrittura$v21 702 1$aNollé$b, Friedel$3TO0V164112 801 3$aIT$bIT-01$c20140515 850 $aIT-FR0017 899 $aBiblioteca umanistica Giorgio Aprea$bFR0017 $eN 912 $aTO00345570 950 0$aBiblioteca umanistica Giorgio Aprea$d 52S.SIJ. FE1 I.K.37$e 52SBA0000060355 VMB RS $fC $h20140515$i20140515 977 $a 52 996 $aInschriften von Selge$9288304 997 $aUNICAS